Представление документа в формате MARC21

Поле Инд. ПП Название Значение
Тип записи a
Библиографический уровень m
001 _ Контрольный номер RU\infra-m\znanium\bibl\1844354
005 _ Дата корректировки 20250915104050.7
008 Кодируемые данные 211019s2021 RU g rus u
020 a ISBN 978-5-16-014337-8
020 a ISBN 978-5-16-106826-7
040 a Служба первич. каталог. Общество с ограниченной ответственностью «ЗНАНИУМ»
041 a Код языка текста rus
044 a Код страны публикации RU
080 a Индекс УДК 614.8(075.8)
084 2 Источник индекса rubbk
a Индекс другой классификации/Индекс ББК 68.9я73
084 2 Источник индекса okso
a Индекс другой классификации/Индекс ББК 00.03.01
084 2 Источник индекса okso
a Индекс другой классификации/Индекс ББК 00.05.01
084 2 Источник индекса okso
a Индекс другой классификации/Индекс ББК 56.05.02
100 1_ a Автор Сычев Юрий Николаевич
q Полное имя Юрий Николаевич
245 a Заглавие Безопасность жизнедеятельности
b Продолж. заглавия Учебное пособие
c Ответственность Российский экономический университет им. Г.В. Плеханова
250 a Основные сведения об издании 1
260 a Место издания Москва
b Издательство ООО "Научно-издательский центр ИНФРА-М"
c Дата издания 2022
300 a Объем 204 с.
520 a Аннотация Представленный в учебном пособии материал рекомендуется как инструкции по действиям в чрезвычайных ситуациях для сохранения жизни и здоровья.
521 a Примеч. о целев. назн. ВО - Бакалавриат
650 a Основная рубрика Науковедение. Общенаучное знание и теории
x Основная подрубрика Общенаучное знание и теории
852 x Примечание, не предназначенное для пользователя znanium2022
856 4_ a Имя сервера/домена znanium.com
m Помощь ebs_support@infra-m.ru
n Местонахождение сервера НИЦ ИНФРА-М
u URL http://znanium.com/catalog/document?id=388694
z Примечание для пользователя Участвует в КО
856 41 a Имя сервера/домена znanium.com
d Путь /cover/1844
f Электронное имя 1844354.jpg
q Тип электронного формата image/jpeg
u URL https://znanium.com/cover/1844/1844354.jpg